01192nam a2200313 a 4500001001200000003000800012006001900020007001500039008004100054010001700095020002200112040002100134035002100155050002200176082001500198245008400213260006400297300002300361504005100384533015200435650002300587650002300610650002600633655002900659700002800688710001700716856012600733999001900859ebr10062688CaPaEBRm u cr cn|||||||||020412s2003 enka sb 001 0 eng  z 2002067362 z0521793033 (hbk.) aCaPaEBRcCaPaEBR a(OCoLC)55944917014aP142b.M68 2003eb04a417/.722100aMotives for language changeh[electronic resource] /cedited by Raymond Hickey. aCambridge ;aNew York :bCambridge University Press,c2003. aix, 286 p. :bill. aIncludes bibliographical references and index. aElectronic reproduction.bPalo Alto, Calif. :cebrary,d2013.nAvailable via World Wide Web.nAccess may be limited to ebrary affiliated libraries. 0aLinguistic change. 0aLinguistic models. 0aLanguages in contact. 7aElectronic books.2local1 aHickey, Raymond,d1954-2 aebrary, Inc.40uhttp://site.ebrary.com/lib/rucke/Doc?id=10062688zAn electronic book accessible through the World Wide Web; click to view c156696d156696